| 000 | 00719nam a2200205 a 4500 | ||
|---|---|---|---|
| 005 | 20240622063742.0 | ||
| 008 | 991125s1987 mx 000 0 spa u | ||
| 020 | _a9688053600 | ||
| 035 | _aUPN01000027861 | ||
| 049 | _aCG | ||
| 050 | 4 |
_aKGF2919 _bP3.5 1987 |
|
| 100 | 1 |
_aPalavicini, Félix Fulgencio, _d1881-1952 _928589 |
|
| 245 | 1 | 0 |
_aHistoria de la Constitución de 1917 / _cFélix I. Palavicini. |
| 260 |
_aMéxico : _bGobierno del Estado de Quéretaro : _bINEHRM, _c1987. |
||
| 300 | _av. | ||
| 500 | _aEdición facsimilar : México : Gobierno del Estado de Tabasco, 1980 | ||
| 610 | 1 | 4 |
_aMéxico. _bCongreso Constituyente (1916-1917) _923992 |
| 651 | 4 |
_aMéxico _xHistoria constitucional _94597 |
|
| 905 | _aLibro | ||
| 999 |
_c27861 _d27861 |
||